|
|
|
|
| LEADER |
00000cam a2200000 a 4500 |
| 001 |
vtls001079457 |
| 003 |
SK-MaSNL |
| 005 |
20260301000824.0 |
| 008 |
240322s1995 xo a frn 000 0 slo |
| 015 |
|
|
|a SNBA1996/0100187
|
| 020 |
|
|
|a 8088738784
|q (brožované)
|
| 035 |
|
|
|a SNK000022294
|
| 040 |
|
|
|a SNK
|b slo
|c SNK
|e AACR2
|
| 041 |
0 |
|
|a slo
|b eng
|
| 044 |
|
|
|a xo
|c SK
|
| 072 |
|
7 |
|a 371
|x Školstvo (organizácia)
|2 konspekt
|
| 080 |
|
|
|a 37.091.12
|2 2011
|
| 080 |
|
|
|a (082)
|2 2011
|
| 245 |
0 |
0 |
|a Učiteľ a jeho príprava pre školu budúcnosti
|c Katarína Navrátilová a kol.
|
| 260 |
|
|
|a Nitra
|b Vysoká škola pedagogická
|c [1995]
|
| 300 |
|
|
|a 257 s.
|b grafy, tabuľky
|c 21 cm
|
| 366 |
|
|
|e 200 výtl.
|
| 490 |
1 |
|
|a Edícia Vysokej školy pedagogickej v Nitre
|
| 504 |
|
|
|a Obsahuje bibliografické odkazy
|
| 546 |
|
|
|a Obsahuje anglické resumé
|
| 650 |
0 |
7 |
|a učiteľská profesia
|2 SNKPH
|9 74525
|
| 650 |
0 |
7 |
|a Teacher career
|2 SNKPHeng
|9 270895
|
| 655 |
|
7 |
|a zborníky
|2 SNKPH
|9 70165
|
| 655 |
|
7 |
|a Papers of several authors
|2 SNKPHeng
|9 153738
|
| 700 |
1 |
|
|a Navrátilová, Katarína,
|d 1936-
|4 aut
|9 38830
|
| 830 |
|
0 |
|a Edícia Vysokej školy pedagogickej v Nitre
|9 278318
|
| 919 |
|
|
|a 80-88738-78-4
|
| 954 |
|
|
|a odborná, vedecká literatúra pôvodná (slovenská)
|2 lita
|
| 958 |
|
|
|a EUIPO
|
| 958 |
|
|
|a OND
|
| 958 |
|
|
|a NB
|
| 999 |
|
|
|c 533592
|d 535522
|
| 952 |
|
|
|t P60, <09>, [BOOK], {629}
|a SNK
|b SNK
|y NEVYP
|7 0
|o snkC 2006
|i snk3965/951122
|0 0
|1 0
|4 0
|d 1995-11-21
|l 0
|r 2004-12-31 00:00:00
|w 2026-02-23
|
| 952 |
|
|
|t P60, <04>, [BOOK], {604}
|a SNK
|b SNK
|y VYP
|7 0
|p 17A0007698
|o snkSC 89388 D1
|i snkKSP 9630/95
|0 0
|1 0
|4 0
|d 1995-11-21
|l 0
|r 2004-12-31 00:00:00
|w 2026-02-23
|
| 952 |
|
|
|a SNK
|b SNK
|y PREZ
|7 0
|p 17A0351550
|o snkSC 89388
|i snkKSP 9629/95
|0 0
|1 0
|4 0
|d 2005-02-07
|f 1
|l 0
|r 2025-09-08 00:00:00
|w 2026-02-23
|